000 00519nam a2200193Ia 4500
005 20250423101014.0
008 250422s9999 xx 000 0 und d
020 _a9780273787112
050 _aHD 30 .215 .L48/
100 _aLevine, David M.
245 0 _aStatistics for managers using microsoft excel
250 _a7th ed.
260 _aUpper Saddle River
260 _bPrentice Hall
260 _c2014
300 _a885 p
650 _aManagement_Statistical methods. Commercial statistics.
942 _cBK
999 _c34994
_d34994